India & Pakistan The Conflict Peace Syndrome (Record no. 62433)

000 -LEADER
fixed length control field 00494nam a22001817a 4500
003 - CONTROL NUMBER IDENTIFIER
control field NUST - PNEC
005 - DATE AND TIME OF LATEST TRANSACTION
control field 20170116180748.0
008 - FIXED-LENGTH DATA ELEMENTS--GENERAL INFORMATION
fixed length control field 150226b xxu||||| |||| 00| 0 eng d
020 ## - INTERNATIONAL STANDARD BOOK NUMBER
International Standard Book Number 8187644710
040 ## - CATALOGING SOURCE
Transcribing agency LIBRARY
082 ## - DEWEY DECIMAL CLASSIFICATION NUMBER
Classification number 327.1695 GUP
100 ## - MAIN ENTRY--PERSONAL NAME
9 (RLIN) 1495
Personal name Archana Gupta
245 ## - TITLE STATEMENT
Title India & Pakistan The Conflict Peace Syndrome
Statement of responsibility, etc. Gupta Archana
260 ## - PUBLICATION, DISTRIBUTION, ETC.
Place of publication, distribution, etc. New Delhi
Name of publisher, distributor, etc. Rajat Sood
Date of publication, distribution, etc. c2005.
300 ## - PHYSICAL DESCRIPTION
Extent 321 p. :
650 ## - SUBJECT ADDED ENTRY--TOPICAL TERM
9 (RLIN) 1496
Topical term or geographic name entry element Pakistan History
General subdivision General
942 ## - ADDED ENTRY ELEMENTS (KOHA)
Source of classification or shelving scheme
Koha item type Book
Holdings
Withdrawn status Lost status Source of classification or shelving scheme Damaged status Not for loan Permanent Location Current Location Shelving location Date acquired Source of acquisition Cost, normal purchase price Total Checkouts Full call number Barcode Date last seen Cost, replacement price Price effective from Koha item type
          Pakistan Navy Engineering College (PNEC) Pakistan Navy Engineering College (PNEC)   05/31/2006 Royal Book Company /Library Grant 1033.00   327.16.954.91GUP PNECLIB-027997 02/26/2015 1033.00 05/31/2006 Book
© 2023 Central Library, National University of Sciences and Technology. All Rights Reserved.